| 000 | 00824nam a2200265 i 4500 | ||
|---|---|---|---|
| 003 | DO-SdBNP | ||
| 005 | 20240710114450.0 | ||
| 006 | a||||gr|||| 00| 0 | ||
| 007 | ta | ||
| 008 | 231110b200? dr ||||| |||| 00| j spa d | ||
| 040 |
_aDO-SdBNP _bspa _cBNPHU _erda |
||
| 082 | 4 |
_222 _aRD863.44 _bC352e |
|
| 100 | 1 |
_aCastillo Javier, Gerardo, _d1963- _91677 |
|
| 245 | 1 | 0 |
_aEntre dragones. / _cGerardo Castillo Javier. |
| 264 |
_a[sin lugar] : _bPerla, _c[200?] |
||
| 300 |
_a116 páginas ; _c18 cm. |
||
| 336 |
_2rdacontent _atexto _btxt |
||
| 337 |
_2rdamedia _asin mediación _bn |
||
| 338 |
_2rdacarrier _avolumen _bnc |
||
| 500 | _aIncluye datos biográficos del autor en la contracubierta. | ||
| 590 | _aInventariado 2023 / MF | ||
| 650 | 0 |
_aLiteratura dominicana. _967 |
|
| 650 | 4 | _aCuentos dominicanos | |
| 942 |
_2ddc _cLBS1 |
||
| 999 |
_c55450 _d55450 |
||